000 00515nam a2200169Ia 4500
008 090711s9999 xx 000 0 und d
082 _b46958
100 _aपांढरीपांडे विजय म.
245 _aघे भरारी
260 _c1980
300 _a124
600 _aपांढरीपांडे विजय म.
630 _aघे भरारी
700 _aपांढरीपांडे विजय म.
730 _aघे भरारी
942 _cBOOK
999 _c295265
_d295265